| 000 | 00929cam a2200325 i 4500 | ||
|---|---|---|---|
| 999 |
_c21226 _d8784 |
||
| 001 | 21226 | ||
| 003 | TR-AnTOB | ||
| 005 | 20240827102622.0 | ||
| 007 | ta | ||
| 008 | 141009s2003 tu 0 tu | ||
| 020 | _a9755330089 | ||
| 040 |
_aTR-AnTOB _beng _erda _cTR-AnTOB |
||
| 041 | 0 | _atur | |
| 050 | 1 | 4 |
_aJA71 _b.K57 2003s |
| 090 |
_aJA71 _b.K57 2003s |
||
| 100 | 1 |
_aKışlalı, Ahmet Taner, _d1939-1999 _eauthor _986703 |
|
| 245 | 1 | 0 |
_aSiyasal sistemler : _bsiyasal çatışma ve uzlaşma / _cAhmet Taner Kışlalı. |
| 250 | _a6. baskı | ||
| 264 | 1 |
_aAnkara : _bİmge Kitabevi, _c2003. |
|
| 300 |
_a343 pages ; _c20 cm |
||
| 336 |
_2rdacontent _atext _btxt |
||
| 337 |
_2rdamedia _aunmediated _bn |
||
| 338 |
_2rdacarrier _avolume _bnc |
||
| 504 | _aBIB | ||
| 650 | 0 |
_aPolitical science _xResearch _92904 |
|
| 650 | 0 |
_aSiyasal bilim _xTarih _97795 |
|
| 902 | _a0005077 | ||
| 942 |
_cBK _2lcc |
||